000
00427nam a2200145Ia 4500
008
100204s9999 xx 000 0 und d
082
_b
5606
100
_a
मंगेशकर गीता
245
_a
सुगंध
260
_b
"बांदोडकर पब्लिशिंग हाऊस, गोवा"
_c
1983
300
_a
241
630
_a
सुगंध
730
_a
सुगंध
942
_c
BOOK
999
_c
450172
_d
450169